[Event "Belgrade-chT Quality"]
[Site "Belgrade"]
[Date "2018.09.25"]
[Round "8.6"]
[White "Savic, Mihailo S"]
[Black "Kocic, Sasa"]
[Result "1-0"]
[WhiteElo "2082"]
[BlackElo "2202"]
[PlyCount "99"]
[EventDate "2018.09.17"]
[EventType "team-tourn"]
[EventRounds "11"]
[EventCountry "SRB"]
[SourceTitle "CBM 186 Extra"]
[Source "ChessBase"]
[SourceDate "2018.08.24"]
[SourceVersion "1"]
[SourceVersionDate "2018.08.24"]
[SourceQuality "1"]
[WhiteTeam "Belgrade CC"]
[BlackTeam "Rudovci Radnicki"]
[WhiteTeamCountry "SRB"]
[BlackTeamCountry "SRB"]

1. e4 c5 2. Nf3 d6 3. Bb5+ Nd7 4. 0-0 Ngf6 5. Re1 a6 6. Bxd7+ Bxd7 7. e5 dxe5 8. Nxe5 Rc8 9. d3 g6 10. Nd2 Bg7 11. Qe2 Be6 12. a4 0-0 13. a5 Nd7 14. Ndc4 Nxe5 15. Nxe5 Qd4 16. Nf3 Qd5 17. Ra4 Rfd8 18. b3 Bf6 19. h4 Bd7 20. Re4 Bc6 21. Bg5 h6 22. Bxf6 exf6 23. Qe3 Qh5 24. g4 Qd5 25. Qxh6 Qd6 26. Rf4 Re8 27. Rxe8+ Rxe8 28. h5 Qf8 29. Qxf8+ Kxf8 30. Kf1 Kg7 31. Nd2 gxh5 32. gxh5 Re5 33. h6+ Kg6 34. Rh4 Kh7 35. Nc4 Rg5 36. Ke2 Rg6 37. Nd6 Bd5 38. c4 f5 39. Nxf5 Be6 40. Ne3 Rg1 41. Rh5 Rb1 42. Rxc5 Kxh6 43. d4 Rxb3 44. d5 Bh3 45. Rc7 Kg7 46. d6 Kf8 47. f4 Rb2+ 48. Kd3 Rb3+ 49. Ke4 Rb2 50. f5 1-0

[Event "Belgrade-chT"]
[Site "Belgrade"]
[Date "2016.10.15"]
[Round "7.2"]
[White "Kocic, Sasa"]
[Black "Jeremic, Milan"]
[Result "1/2-1/2"]
[WhiteElo "2218"]
[BlackElo "2187"]
[PlyCount "50"]
[EventDate "2016.10.08"]
[EventType "team-tourn"]
[EventRounds "13"]
[EventCountry "SRB"]
[SourceTitle "CBM 175 Extra"]
[Source "ChessBase"]
[SourceDate "2016.12.12"]
[SourceVersion "1"]
[SourceVersionDate "2016.12.12"]
[SourceQuality "1"]
[WhiteTeam "Belgrade Sigurnost"]
[BlackTeam "Belgrade Radnicki"]
[WhiteTeamCountry "SRB"]
[BlackTeamCountry "SRB"]

1. d4 d5 2. Nf3 Nf6 3. c4 e6 4. g3 c6 5. Bg2 Ne4 6. 0-0 Be7 7. b3 0-0 8. Ba3 f5 9. Bxe7 Qxe7 10. Ne5 Nd7 11. Nd3 Ndf6 12. Nd2 Bd7 13. Nf3 Be8 14. Nfe5 Bh5 15. Qc2 g5 16. f3 Nd6 17. Qd2 h6 18. Rae1 Nf7 19. Qe3 Rad8 20. c5 Nd7 21. f4 Nfxe5 22. Nxe5 Nxe5 23. Qxe5 Qf6 24. Qxf6 Rxf6 25. Kf2 b5 1/2-1/2

[Event "Belgrade-chT"]
[Site "Belgrade"]
[Date "2016.10.12"]
[Round "5.1"]
[White "Velickovic, Sasa"]
[Black "Kocic, Sasa"]
[Result "1-0"]
[WhiteElo "2352"]
[BlackElo "2218"]
[PlyCount "95"]
[EventDate "2016.10.08"]
[EventType "team-tourn"]
[EventRounds "13"]
[EventCountry "SRB"]
[SourceTitle "EXT 2017"]
[Source "ChessBase"]
[SourceDate "2016.10.25"]
[SourceVersion "1"]
[SourceVersionDate "2016.10.25"]
[SourceQuality "1"]
[WhiteTeam "Crvena Zvezda"]
[BlackTeam "Belgrade Sigurnost"]
[WhiteTeamCountry "SRB"]
[BlackTeamCountry "SRB"]

1. e4 c5 2. Nf3 d6 3. c3 Nf6 4. h3 e6 5. Bd3 Be7 6. Bc2 0-0 7. 0-0 Nc6 8. Re1 b6 9. d3 Bb7 10. Nbd2 Re8 11. a3 Bf8 12. b4 Qc7 13. Bb2 Rad8 14. Rc1 e5 15. d4 a6 16. bxc5 bxc5 17. d5 Nb8 18. Ba4 Re7 19. Nc4 Bc8 20. Rb1 Bd7 21. Bc1 h6 22. Bxd7 Nfxd7 23. Qa4 g6 24. Qa5 Qxa5 25. Nxa5 f5 26. Nb7 Ree8 27. Nxd8 Rxd8 28. Nd2 Nf6 29. f3 Nbd7 30. Rb7 c4 31. Rb4 Nc5 32. Rxc4 a5 33. Rxc5 dxc5 34. Nc4 fxe4 35. fxe4 a4 36. Nxe5 Re8 37. Ng4 Nxd5 38. c4 h5 39. cxd5 hxg4 40. hxg4 c4 41. e5 c3 42. Kf2 Bc5+ 43. Kf3 Bd6 44. exd6 Rxe1 45. d7 Rf1+ 46. Ke2 Rf8 47. Bg5 c2 48. Kd2 1-0

[Event "Belgrade-chT"]
[Site "Belgrade"]
[Date "2015.09.23"]
[Round "3.4"]
[White "Jocev, Milan"]
[Black "Kocic, Sasa"]
[Result "1/2-1/2"]
[WhiteElo "2193"]
[BlackElo "2239"]
[PlyCount "54"]
[EventDate "2015.09.21"]
[EventType "team-tourn"]
[EventRounds "9"]
[EventCountry "SRB"]
[SourceTitle "CBM 168 Extra"]
[Source "ChessBase"]
[SourceDate "2015.10.29"]
[SourceVersion "1"]
[SourceVersionDate "2015.10.29"]
[SourceQuality "1"]
[WhiteTeam "Itaka"]
[BlackTeam "Belgrade Sigurnost"]
[WhiteTeamCountry "SRB"]
[BlackTeamCountry "SRB"]

1. Nf3 Nf6 2. c4 e6 3. Nc3 d5 4. d4 c6 5. Bg5 Nbd7 6. e3 Be7 7. Rc1 0-0 8. Bd3 b6 9. 0-0 Bb7 10. Qe2 dxc4 11. Bxc4 b5 12. Bd3 b4 13. Ne4 c5 14. Bxf6 gxf6 15. dxc5 Rc8 16. c6 Bxc6 17. Nd4 Bd5 18. Rxc8 Qxc8 19. Ng3 Ne5 20. Bxh7+ Kxh7 21. Qh5+ Kg8 22. Ndf5 exf5 23. Nxf5 Re8 24. Nh6+ Kg7 25. Nf5+ Kg8 26. Nh6+ Kf8 27. Nf5 Kg8 1/2-1/2

[Event "Belgrade-chT"]
[Site "Belgrade"]
[Date "2014.09.23"]
[Round "4.1"]
[White "Martic, Ivan"]
[Black "Kocic, Sasa"]
[Result "1/2-1/2"]
[WhiteElo "2387"]
[BlackElo "2229"]
[PlyCount "24"]
[EventDate "2014.09.20"]
[EventType "team-tourn"]
[EventRounds "11"]
[EventCountry "SRB"]
[SourceTitle "CBM 162 Extra"]
[Source "ChessBase"]
[SourceDate "2014.10.17"]
[SourceVersion "1"]
[SourceVersionDate "2014.10.17"]
[SourceQuality "1"]
[WhiteTeam "Belgrade"]
[BlackTeam "Belgrade Sigurnost"]
[WhiteTeamCountry "SRB"]
[BlackTeamCountry "SRB"]

1. e4 c5 2. Nf3 d6 3. d4 cxd4 4. Nxd4 Nf6 5. Nc3 a6 6. Bg5 Nbd7 7. f4 b5 8. Qf3 Bb7 9. 0-0-0 b4 10. Nd5 e6 11. Nxf6+ gxf6 12. Bh4 Qa5 1/2-1/2

[Event "Belgrade-chT"]
[Site "Belgrade"]
[Date "2011.10.04"]
[Round "4.5"]
[White "Markovic, Aleksandar"]
[Black "Kocic, Sasa"]
[Result "0-1"]
[WhiteElo "1986"]
[BlackElo "2196"]
[PlyCount "72"]
[EventDate "2011.10.01"]
[EventType "team-tourn"]
[EventRounds "11"]
[EventCountry "SRB"]
[SourceTitle "CBM 144 Extra"]
[Source "ChessBase"]
[SourceDate "2011.10.28"]
[SourceVersion "1"]
[SourceVersionDate "2011.10.28"]
[SourceQuality "1"]
[WhiteTeam "Delfin"]
[BlackTeam "Belgrade Vodovod"]
[WhiteTeamCountry "YUG"]
[BlackTeamCountry "YUG"]

1. e4 c5 2. Nf3 d6 3. d4 cxd4 4. Nxd4 Nf6 5. Nc3 e6 6. g4 h6 7. h4 Nc6 8. Rg1 Nd7 9. g5 hxg5 10. hxg5 Nxd4 11. Qxd4 Ne5 12. Be2 a6 13. Be3 Nc6 14. Qd2 b5 15. g6 fxg6 16. 0-0-0 Qa5 17. f4 b4 18. Nb1 Rh2 19. Rxg6 Bd7 20. Rg5 Qxa2 21. Bh5+ Rxh5 22. Rxh5 Rc8 23. Rh8 Na5 24. Rxf8+ Kxf8 25. Qxd6+ Kg8 26. Bc5 Qc4 27. Rd3 Rxc5 28. c3 Nb3+ 29. Kd1 Bb5 30. Qd8+ Kf7 31. Rd7+ Bxd7 32. Qxd7+ Kg6 33. Qe8+ Kh7 34. f5 Qd3+ 35. Ke1 Qxe4+ 36. Kf2 Rxf5+ 0-1

[Event "Belgrade-ch"]
[Site "Belgrade"]
[Date "2010.01.29"]
[Round "7"]
[White "Radlovacki, Jovan"]
[Black "Kocic, Sasa"]
[Result "1-0"]
[WhiteElo "2376"]
[BlackElo "2216"]
[PlyCount "101"]
[EventDate "2010.01.23"]
[EventType "swiss"]
[EventRounds "9"]
[EventCountry "YUG"]
[SourceTitle "CBM 134 Extra"]
[Source "ChessBase"]
[SourceDate "2010.03.03"]
[SourceVersion "1"]
[SourceVersionDate "2010.03.03"]
[SourceQuality "1"]

1. e4 c5 2. Nf3 d6 3. d4 cxd4 4. Qxd4 Nf6 5. e5 Nc6 6. Bb5 Qa5+ 7. Nc3 dxe5 8. Qxe5 Bd7 9. Qe2 e6 10. 0-0 Be7 11. Bg5 a6 12. Bxc6 Bxc6 13. Ne5 Rc8 14. Rad1 0-0 15. Rd3 Qb4 16. a3 Qa5 17. Rg3 Kh8 18. Rh3 Qc7 19. Bf4 Qb6 20. Bg5 h6 21. Re1 Ng8 22. Bc1 Be8 23. Ng4 Kh7 24. Be3 Qa5 25. Bd4 f5 26. Ne5 Qc7 27. Nd3 Bf6 28. Bxf6 Rxf6 29. Re3 Bd7 30. Ne5 Re8 31. Nd5 exd5 32. Nxd7 Rxe3 33. Nxf6+ Nxf6 34. fxe3 Qe5 35. Qd3 Ng4 36. g3 h5 37. Qd4 Qe6 38. Qf4 g6 39. b3 b5 40. h3 Nf6 41. Rc1 Ne4 42. c4 dxc4 43. bxc4 bxc4 44. Rb1 Qd7 45. Qb8 Kh6 46. h4 Qg7 47. Rb7 Qf6 48. Qf4+ g5 49. Qb8 Nc5 50. hxg5+ Kxg5 51. Qg8+ 1-0

[Event "Belgrade-chT Quality"]
[Site "Belgrade"]
[Date "2009.10.30"]
[Round "8"]
[White "Stosic, Slobodan"]
[Black "Kocic, Sasa"]
[Result "1/2-1/2"]
[WhiteElo "2159"]
[BlackElo "2236"]
[PlyCount "30"]
[EventDate "2009.10.11"]
[EventType "team-tourn"]
[EventRounds "11"]
[EventCountry "YUG"]
[SourceTitle "CBM 133 Extra"]
[Source "ChessBase"]
[SourceDate "2010.01.05"]
[SourceVersion "1"]
[SourceVersionDate "2010.01.05"]
[SourceQuality "1"]

1. d4 d5 2. Nf3 c6 3. e3 Nf6 4. Bd3 g6 5. Nbd2 Bg7 6. b3 0-0 7. Bb2 a5 8. a3 Bf5 9. Bxf5 gxf5 10. Ne5 Nbd7 11. Nd3 Ne4 12. 0-0 e6 13. Nf3 Kh8 14. c4 Qe7 15. Rc1 Rfc8 1/2-1/2

[Event "Belgrade-ch"]
[Site "Belgrade"]
[Date "2009.01.31"]
[Round "8"]
[White "Cvetkovic, Srdjan"]
[Black "Kocic, Sasa"]
[Result "1-0"]
[WhiteElo "2407"]
[BlackElo "2243"]
[PlyCount "65"]
[EventDate "2009.01.24"]
[EventType "swiss"]
[EventRounds "9"]
[EventCountry "YUG"]
[SourceTitle "CBM 128 Extra"]
[Source "ChessBase"]
[SourceDate "2009.03.05"]
[SourceVersion "2"]
[SourceVersionDate "2009.03.25"]
[SourceQuality "1"]

1. c4 Nf6 2. Nc3 c5 3. Nf3 e6 4. g3 b6 5. Bg2 Bb7 6. 0-0 Be7 7. d4 cxd4 8. Qxd4 0-0 9. Rd1 d6 10. Bg5 Nbd7 11. Nb5 d5 12. cxd5 Bxd5 13. Rac1 Rc8 14. Nxa7 Rxc1 15. Rxc1 Qa8 16. Nb5 Bc5 17. Qh4 Ne4 18. Nc3 Bxf2+ 19. Kf1 Nxc3 20. Rxc3 Bc5 21. a3 f6 22. Be3 Bxe3 23. Rxe3 Rc8 24. Bh3 Rc1+ 25. Kf2 Nc5 26. Nd2 f5 27. Qe7 Qb8 28. b4 Rh1 29. bxc5 Rxh2+ 30. Ke1 Rxh3 31. c6 Bxc6 32. Qxe6+ Kf8 33. Qxf5+ 1-0